<?xml version="1.0" encoding="UTF-8"?>
<collection xmlns="http://www.loc.gov/MARC21/slim">
 <record>
  <leader>00451pamaa2200169   4500</leader>
  <controlfield tag="001">0000034407</controlfield>
  <controlfield tag="005">20060626090000.0</controlfield>
  <datafield tag="020" ind1="0" ind2="0">
   <subfield code="a">0827367333 </subfield>
  </datafield>
  <datafield tag="082" ind1=" " ind2=" ">
   <subfield code="a">636 GIL 1997</subfield>
  </datafield>
  <datafield tag="090" ind1="0" ind2="0">
   <subfield code="a">SF61 </subfield>
   <subfield code="b">GIL 1997</subfield>
  </datafield>
  <datafield tag="100" ind1="1" ind2="0">
   <subfield code="a">GILLESPIE </subfield>
  </datafield>
  <datafield tag="245" ind1="1" ind2="0">
   <subfield code="a">Modern livestock and poultry production  </subfield>
   <subfield code="c">James R. Gillespie.</subfield>
  </datafield>
  <datafield tag="250" ind1="0" ind2="0">
   <subfield code="a">5th ed.</subfield>
  </datafield>
  <datafield tag="260" ind1="0" ind2="0">
   <subfield code="a">Albany: </subfield>
   <subfield code="b">Delmar Publishers, </subfield>
   <subfield code="c">1997.</subfield>
  </datafield>
  <datafield tag="300" ind1=" " ind2=" ">
   <subfield code="a">xii, 1026p.: </subfield>
   <subfield code="b">col.ill.; </subfield>
   <subfield code="c">24cm.</subfield>
  </datafield>
  <datafield tag="650" ind1="0" ind2="0">
   <subfield code="a">Livestock </subfield>
  </datafield>
  <datafield tag="650" ind1="0" ind2="0">
   <subfield code="a">Poultry </subfield>
  </datafield>
 </record>
</collection>
